Laporan tahunan Jabatan Kastam Diraja Malaysia / (Record no. 4839)
[ view plain ]
| 000 -LEADER | |
|---|---|
| fixed length control field | nam a22 7a 4500 |
| 005 - DATE AND TIME OF LATEST TRANSACTION | |
| control field | 20200824113043.0 |
| 008 - FIXED-LENGTH DATA ELEMENTS--GENERAL INFORMATION | |
| fixed length control field | 20 b20179999my ||||| |||| 00| 0 eng d |
| 040 ## - CATALOGING SOURCE | |
| Original cataloging agency | AKMAL |
| 082 ## - DEWEY DECIMAL CLASSIFICATION NUMBER | |
| Classification number | 352.448595 JKDM |
| 090 ## - LOCALLY ASSIGNED LC-TYPE CALL NUMBER (OCLC); LOCAL CALL NUMBER (RLIN) | |
| Classification number (OCLC) (R) ; Classification number, CALL (RLIN) (NR) | 352.448595 |
| Local cutter number (OCLC) ; Book number/undivided call number, CALL (RLIN) | JKDM |
| 110 ## - MAIN ENTRY--CORPORATE NAME | |
| Corporate name or jurisdiction name as entry element | Malaysia |
| Subordinate unit | Jabatan Kastam Diraja Malaysia |
| 9 (RLIN) | 1301 |
| 245 10 - TITLE STATEMENT | |
| Title | Laporan tahunan Jabatan Kastam Diraja Malaysia / |
| Statement of responsibility, etc. | Jabatan Kastam Diraja Malaysia |
| Remainder of title | 2017 |
| 260 ## - PUBLICATION, DISTRIBUTION, ETC. | |
| Place of publication, distribution, etc. | Putrajaya |
| Name of publisher, distributor, etc. | Jabatan Kastam Diraja Malaysia |
| Date of publication, distribution, etc. | [2017] |
| 300 ## - PHYSICAL DESCRIPTION | |
| Extent | j. : |
| Other physical details | ill. ; |
| Dimensions | 30cm |
| 310 ## - CURRENT PUBLICATION FREQUENCY | |
| Current publication frequency | Tahunan |
| 362 ## - DATES OF PUBLICATION AND/OR SEQUENTIAL DESIGNATION | |
| Dates of publication and/or sequential designation | 2017- |
| 500 ## - GENERAL NOTE | |
| General note | Huraian berdasarkan: Laporan Tahunan 2017 |
| 610 1# - SUBJECT ADDED ENTRY--CORPORATE NAME | |
| Corporate name or jurisdiction name as entry element | Malaysia. |
| Subordinate unit | Jabatan Kastam Diraja Malaysia |
| Form subdivision | Periodicals |
| 9 (RLIN) | 1302 |
| 650 ## - SUBJECT ADDED ENTRY--TOPICAL TERM | |
| Topical term or geographic name entry element | Customs administration |
| Form subdivision | Periodicals |
| General subdivision | Malaysia |
| 9 (RLIN) | 1303 |
| 942 ## - ADDED ENTRY ELEMENTS (KOHA) | |
| Source of classification or shelving scheme | |
| Koha item type | Periodicals |
No items available.
